Biología de Villee (Registro nro. 344)

Detalles MARC
000 -Cabecera
Campo de control de longitud fija 00522aam a2200241 4500
005 - Fecha y hora de la última transacción
Campo de control 20240516115350.0
008 - Elementos de longitud fija--Información general
Campo de control de longitud fija 150724b1996 xxu||||| |||| 00| 0 spa d
020 ## - International Standard Book Number
Número Internacional Estándar del Libro (ISBN) 9682523936
041 ## - Idioma
Código de idioma Español
082 ## - Clasificación Decimal Dewey
Número de clasificación 570 V731b3
245 ## - Título propiamente dicho
Título Biología de Villee
250 ## - Edición
Mención de edición 3 edición
260 ## - Pie de imprenta
Lugar de publicación, distribución, etc. México
260 ## - Pie de imprenta
Nombre del editor, distribuidor, etc. McGraw-Hill
260 ## - Pie de imprenta
Fecha de publicación, distribución, etc. 1996
300 ## - Descripción física
Extensión 1193 páginas
650 ## - Materia general
Temática (materia general) BIOLOGÍA
650 ## - Materia general
Temática (materia general) GENÉTICA
650 ## - Materia general
Temática (materia general) ECOLOGÍA
650 ## - Materia general
Temática (materia general) EVOLUCIÓN
942 ## - Punto de acceso adicional KOHA
Tipo de ítem KOHA Libro
Fuente del sistema de clasificación o colocación Dewey Decimal Classification
Existencias
Signatura completa Código de barras Programa Académico Tipo de ítem
570 V731b3 3341 Turismo Libro